000 01116cam a2200241 4500
001 WB3717-19
008 000000n2001 000 0 eng u
035 _a(Sirsi) u112385
245 _aCPRE identifies flaws in regional planning
260 _c2001
490 _aCPRE Press Release
_v(18/01) 27 April 2001
520 _aA Council for the Protection of Rural England report has identified flaws in regional planning. It recommends: putting RPG3 on a stronger legal footing; guaranteeing public consultation; clear targets for preservation; testing housebuilding numbers at county level; establishing a national framework for RPG. The report, "Planning for a regional renaissance", is available from CPRE Publications, Warkwick House, 25 Buckingham Palace Road, London SW1W 0PP.
590 _aWB
650 _aCOUNCIL FOR THE PROTECTION OF RURAL ENGLAND
650 _aCPRE
650 _aHOUSE BUILDING
650 _aPRESERVATION
650 _aPUBLIC CONSULTATIONS
650 _aRPG3
650 _aRURAL PLANNING
690 _aENVIRONMENTAL AND LAND CONSULTANCY-PLANNING AND DEVELOPMENT
942 _n0
999 _c66883
_d66883